MDQL
is popping MORE tags! Check the
thread
!
Quizzes
Events
Quiz Creation
Community
Videos
Private Events
Remove Ads
Sign In
Join for FREE
Feedback
Dark Mode
Quiz Categories
Sports
Geography
Music
Movies
Television
Just For Fun
Miscellaneous
History
Literature
Language
Science
Gaming
Entertainment
Religion
Holiday
For Kids
Quiz Lab
Recent
Popular Today
Quiz Kudos Today
Editor Picks
Curator Picks
Quizzes by...
Day
Popularity
Type
Ratings
Length
Year
Community
Subscriptions
Recent Discussions
Orange Saloon
Badges
Playlists
Quests
Create
Leaderboards
Showdown
Live 5
Trivia Bingo
Activity
Puzzle Library
Sporcle Events
Private Events
Virtual Trivia
Globe League
Become a Host
Pub Owners
SporcleCon
Opinionation
Our Games
Videos
Blog
Mobile Apps
Partnerships
Remove Ads and Go Orange
Feedback
Sports
Athletes
MLB
NBA
NHL
NFL
Soccer
Sports Teams
WWE
NCAA
Football
Premier League
Basketball
Baseball
Hockey
Golf
Tennis
Cricket
Rugby
Auto Racing
Olympics
World Cup
Sports
Athletes
MLB
NBA
NHL
NFL
Soccer
Sports Teams
WWE
NCAA
Football
Premier League
Basketball
Baseball
Hockey
Golf
Tennis
Cricket
Rugby
Auto Racing
Olympics
World Cup
Random Quiz
Search Sporcle
×
Quiz Lab
Quiz Lab
Sports
MLB
Type in answers that appear in a list
Type in answers that appear in a list
Classic
Best Score? Go Orange.
2011 Florida Marlins Stats
Can you name the 2011 Florida Marlins?
By
tk926
8m
44 Questions
91 Plays
91 Plays
91 Plays
Comments
Comments
Give Quiz Kudos
Give Quiz Kudos
-
- Ratings
hide this ad
More Info
Replay
Link that replays current quiz
Next Quiz
Link to next quiz in quiz playlist
You Got
0%
They Got
Avg Score
51%
Avg Friend Score
Upgrade to see
Score Distribution
Jump to the score distribution portion of the page
Score
0/44
Timer
08:00
0
Plays Today
Number
Player
% Correct
2
Hanley Ramirez
100%
27
Mike Stanton
96.7%
15
Gaby Sanchez
95.6%
19
Anibal Sanchez
95.6%
55
Josh Johnson
93.4%
1
Emilio Bonifacio
87.9%
20
Logan Morrison
82.4%
46
Juan Carlos Oviedo
82.4%
13
Omar Infante
78%
47
Ricky Nolasco
78%
14
John Buck
76.9%
8
Chris Coghlan
72.5%
29
Greg Dobbs
62.6%
41
Chris Volstad
61.5%
23
Javier Vazquez
58.2%
21
John Baker
57.1%
18
Wes Helms
56%
40
Michael Dunn
49.5%
9
Brett Hayes
48.4%
22
Donnie Murphy
46.2%
24
Mike Cameron
46.2%
56
Osvaldo Martinez
45.1%
Number
Player
% Correct
33
Scott Cousins
41.8%
54
Matt Dominguez
41.8%
58
Ryan Webb
41.8%
34
Edward Mujica
40.7%
6
Alfredo Amezaga
39.6%
16
Bryan Petersen
38.5%
52
Brad Hand
38.5%
31
Burke Badenhop
37.4%
66
Steven Cishek
36.3%
44
Brian Sanches
34.1%
11
Jose Lopez
33%
32
Clay Hensley
31.9%
38
Randy Choate
31.9%
10
Dewayne Wise
29.7%
59
Alex Sanabia
26.4%
39
Chris Hatcher
24.2%
50
Jose Ceda
24.2%
3
Joe Thurston
23.1%
37
Elih Villanueva
20.9%
53
Jay Buente
19.8%
53
Sandy Rosario
16.5%
43
Vinny Rottino
14.3%
Quiz Playlist
Details
Report
Send in Message
Add To Playlist
More Info:
All teams are being posted -- for other teams, see: http://bestofsporcle.blogspot.com/2011/09/2011-mlb-rosters.html
Classic:
Type in answers that appear in a list
Last Updated: Feb 16, 2017
Quiz Scoreboard
CHALLENGE
Sign Up to Join the Scoreboard
Show All
Scores
Hide
Comments
May contain spoilers
Recently Published
Find the 'City' Movie
by crazypaving
Movies
60s
5x2 Blitz: Bands
by SL_Kpop136
Music
30s
Colored Red Africa Blitz
by spor1
Geography
30s
More to Explore
Quiz From the Vault
Featured Blog Post
14 Easter Pick-up Lines to Find Eggs With
hide this ad
You Might Also Like...
Tags
Baseball Quiz
MLB Quiz
Miami
Miami Marlins
Roster
Today's Top Quizzes in Sports
Browse Sports
hide this ad
Today's Top Quizzes in MLB
Browse MLB
Top Contributed Quizzes in Sports
1
Les entraîneurs de l'OM et du PSG au 21e siècle
2
Les meilleurs buteurs des matchs entre le PSG et l’OM
3
Les joueurs passés par le PSG et l'OM
4
Players with Multiple 50 Home Run Seasons
5
2022 World Cup Stars
6
Criteria MLB: Left Handed Sluggers
7
NBA Logic Puzzle 2.0
8
MLB Players with Two .350 Batting Average Seasons
9
Top 10 NHL Goal Scorers of All Time
10
Les joueurs passés par le LOSC et le RC Lens
Explore More
Trending Topics
Kpop
Marvel
Crossword
Harry Potter
Disney
NBA
Anime
Country
WWE
Pokémon
The Office
Song
Soccer
Puzzle
NFL
hide this ad
More By:
tk926
Quiz
Plays
Rating
Category
Featured
Created
Artists with 3+ Albums in Rolling Stone's Top 500
189,643
4.33
Music
Nov 19, 2009
Opening Day Lineups: Orioles
88,750
4.35
Sports
Oct 19, 2009
Opening Day Lineups: Rockies
72,979
4.29
Sports
Oct 19, 2009
Same Name Songs and Movies
70,379
3.70
Entertainment
Dec 10, 2009
Opening Day Lineups: Brewers
66,785
4.41
Sports
Oct 15, 2009
Go to Creator's Profile
Score Distribution
Quiz Creator Spotlight
tk926
Follow
Send a Message
Quizzes Created
-
Created Quiz Play Count
-
More By This Creator
Popular Quizzes Today
1
Colored Red Africa Blitz
2
Find the 'City' Movie
3
Find the US States - No Outlines Minefield
4
5x2 Blitz: Bands
5
The Countries of the World
6
Find the US States
7
US States
8
Find the Countries of Europe - No Outlines Minefield
More Sports Quizzes
MLB Pitching Rotations (2000s)
Published
Trending Quizzes
Colored Red Europe Blitz I
Colored Red Europe Blitz II
Colored Red Africa Blitz II
Colored Red Europe Blitz III
Colored Red Africa Blitz III
Recently Updated
How Do You Spell That?
pecheneg
Godzilla Movies
pecheneg
Grab Bag: 4-10 Letters
pecheneg
2024 March Madness Bracket
pecheneg
Famous TV Couples
Peacemaker
Champions League XIs: Real Madrid
pecheneg
Largest US Cities 1790-2010
pecheneg
Rides in Walt Disney World
pecheneg
Most Oscar Losses (Acting)
pecheneg
Beyoncé Albums
pecheneg
Trending Topics
Disney
Crossword
NBA
Anime
Kpop
Marvel
Harry Potter
Puzzle
WWE
The Office
Soccer
Pokémon
Country
Song
NFL
Your Account Isn't Verified!
In order to create a playlist on Sporcle, you need to verify the email address you used during registration. Go to your
Sporcle Settings
to finish the process.
Report this User
Report this user for behavior that violates our
Community Guidelines
.
Details:
Send Report
Go to the Sporcle.com Mobile Site →
Comments